000 00908nam a22002897a 4500
001 BR7312069
003 BR-BrBNA
005 20230928084242.0
007 ta
008 230509b bl.||||| |||| 00| 0 por d
040 _aBR-BrBNA
_bpor
_cBiblioteca Nacional de Agricultura
041 _a(Por)
072 _aF00; H00; E70
_b1160
_b1220
_b/G514
090 _ 1160 BR7312069
100 1 _aFeitosa, J. de C.
100 1 _aFeitosa, D. de A.
110 1 _aFederacao da Agricultura do Estado do Ceara, Fortaleza (Brasil)
_94569
245 1 _aSintese global dos trabalhos apresentados na 1. Semana do caju [Cultura; Praga; Doenca; Comercializacao; Beneficiamento; Brasil]
260 3 _aFortaleza, CE (Brasil):
_c1972.
300 _a105 p.
650 _aCAJU
650 _aCASTANHA DE CAJU
650 _aPRATICA CULTURAL
650 _aEXPORTACAO
909 _a202309
_bLucia
_c55
_dLucia Elande
942 _cBK
999 _c17715
_d17715